000 00797cam a22002533a 4500
001 951
003 PGUSA
005 20140828082955.0
008 970601s1997||||xxu|||||s|||||000 1 eng d
040 _aPGUSA
_beng
042 _adc
050 4 _aPZ
100 1 _aAppleton, Victor
245 1 0 _aTom Swift and His Sky Racer; Or, The Quickest Flight on Record
_h[electronic resource] /
_cVictor Appleton
260 _bProject Gutenberg,
_c1997
506 _aPublic domain in the USA.
516 _aElectronic text
653 _aAdventure and adventurers -- Juvenile fiction
653 _aAeronautics -- Juvenile fiction
653 _aSwift, Tom (Fictitious character) -- Juvenile fiction
830 0 _aProject Gutenberg
_v951
856 4 0 _uhttp://www.gutenberg.org/ebooks/951
942 _cEB
999 _c230302
_d230302